The portrait of St. Paul: (Record no. 5159)

000 -LEADER
fixed length control field 00574nam a2200181 a 4500
001 - CONTROL NUMBER
control field :::00002900$&:&@@
003 - CONTROL NUMBER IDENTIFIER
control field OkBaRHE
005 - DATE AND TIME OF LATEST TRANSACTION
control field 20000607103258.0
008 - FIXED-LENGTH DATA ELEMENTS--GENERAL INFORMATION
fixed length control field s1889 j 000 0 eng u
040 ## - CATALOGING SOURCE
Transcribing agency
100 1# - MAIN ENTRY--PERSONAL NAME
Personal name Gilpin, John.
245 14 - TITLE STATEMENT
Title The portrait of St. Paul:
Remainder of title the true model for Christians and pastors.
260 ## - PUBLICATION, DISTRIBUTION, ETC. (IMPRINT)
Place of publication, distribution, etc New York, NY., :
Name of publisher, distributor, etc Hunt and Eaton
Date of publication, distribution, etc 1889
300 ## - PHYSICAL DESCRIPTION
Extent 241 p. ;
Dimensions 23 cm.
650 ## - SUBJECT ADDED ENTRY--TOPICAL TERM
Topical term or geographic name as entry element Paul, Saint, apostle
942 ## - ADDED ENTRY ELEMENTS (KOHA)
Source of classification or shelving scheme
Koha item type Books
Copies
Price effective from Damaged status Withdrawn status Permanent Location Shelving location Koha item type Date acquired Not for loan Date last seen Source of classification or shelving scheme Lost status Barcode Current Location Copy number Full call number
2010-04-14  RHEMA Bible Training CollegeGeneral StacksBooks2010-04-14 2018-03-08 Missing2900RHEMA Bible Training College1BS 2505 .G496